00369cam a22001331 450000500170000008200130001710000290003024500420005925000310010126000430013230000190017565000260019470000150022020251125103448.0 a546bEME1 aEmeléus, Harry Julius.10aModern aspects of inorganic chemistry a[6th ed., Indian reprint] aNew DelhibUiniversal Book Stallc1992 a677 p.billus. 0aChemistry, Inorganic.1 aSharpe,A.G